| 000 -LEADER |
| fixed length control field |
00770cam a22002177a 4500 |
| 020 ## - INTERNATIONAL STANDARD BOOK NUMBER |
| ISBN |
9783515091961 (pbk.) |
| 020 ## - INTERNATIONAL STANDARD BOOK NUMBER |
| ISBN |
3515091963 (pbk.) |
| 040 ## - CATALOGING SOURCE |
| Transcribing agency |
OHX |
| 082 ## - DEWEY DECIMAL CLASSIFICATION NUMBER |
| Classification number |
614 FRA 2008 A083 Or. |
| 245 00 - TITLE STATEMENT |
| Title |
Dénomination, phraséologie et référence / |
| 260 ## - PUBLICATION, DISTRIBUTION, ETC. (IMPRINT) |
| Place of publication |
Stuttgart : |
| Name of publisher |
Franz Steiner Verlag, |
| Year of publication |
2008. |
| 300 ## - PHYSICAL DESCRIPTION |
| Number of Pages |
120 p. : |
| Other physical details |
ill. ; |
| Dimensions |
24 cm. |
| 490 0# - SERIES STATEMENT |
| Series statement |
Zeitschrift für französische Sprache und Literatur. Beihefte ; |
| 500 ## - GENERAL NOTE |
| General note |
Papers from the 1st Colloque Res per Nomen, held at the Université de Reims Champagne-Ardenne, Reims, France, May 2007. |
| 650 #0 - SUBJECT ADDED ENTRY--TOPICAL TERM |
| Topical Term |
Reference (Linguistics) |
| 650 #0 - SUBJECT ADDED ENTRY--TOPICAL TERM |
| Topical Term |
Onomasiology |
| 650 #0 - SUBJECT ADDED ENTRY--TOPICAL TERM |
| Topical Term |
Grammar, Comparative and general |
| 650 #0 - SUBJECT ADDED ENTRY--TOPICAL TERM |
| Topical Term |
Language and languages |
| 700 1# - ADDED ENTRY--PERSONAL NAME |
| Personal name |
Frath, Pierre. |
| 942 ## - ADDED ENTRY ELEMENTS (KOHA) |
| Koha item type |
សៀវភៅភាសាអង់គ្លេស |
| 952 ## - LOCATION AND ITEM INFORMATION (KOHA) |
| Withdrawn status [LOCAL, KOHA] |
0 |